Match The Lyrics to the Taylor Swift Song - Statistics

General Stats
  • This quiz has been taken 559 times
  • The average score is 24 of 30
Answer Stats
Hint Answer % Correct
'Cause the players gonna play, play, play, play, play Shake It Off
93%
It's me, hi, I'm the problem, it's me Anti-Hero
92%
You'll be the prince, and I'll be the princess Love Story
92%
You got that James Dean daydream look in your eye Style
91%
Got a long list of ex-lovers Blank Space
90%
Say you'll remember me, standing in a nice dress Wildest Dreams
89%
I say, "I hate you", we break up, you call me, "I love you" We Are Never Ever Getting Back Together
88%
If you could see that I'm the one who understands you You Belong With Me
87%
You know it used to be mad love Bad Blood
86%
Lord, save me, my drug is my baby Don't Blame Me
84%
Now I'm lying on the cold hard ground I Knew You Were Trouble
84%
Losing him was blue, like I'd never known Red
84%
You put me on and said I was your favorite Cardigan
83%
Me and _ _ _ _ vibe like that Karma
81%
This night is sparkling, don't you let it go Enchanted
80%
Standin' in front of you, sayin' I'm sorry for that night Back To December
79%
Someday, I'll be big enough so you can't hit me Mean
79%
'Cause there we are again in the middle of the night All Too Well
77%
I don't want to keep secrets just to keep you Cruel Summer
77%
I think I've seen this film before, and I didn't like the ending Exile
77%
Can we always be this close forever and ever? Lover
77%
But I can see us lost in the memory August
76%
My reputation's never been worse, so Delicate
76%
Like, can you just not step on his gown? You Need To Calm Down
76%
I got a list of names, and yours is in red, underlined Look What You Made Me Do
74%
And it's 2:00 a.m.and I'm cursing your name The Way I Loved You
74%
Your mom's ring in your pocket, her picture in your wallet Champagne Problems
73%
That's fine I'll tell mine that you're gay! Picture To Burn
70%
Wherever you stray, I follow Willow
70%
Surreal, I'm damned if I do give a damn what people say Lavender Haze
67%
No matching quizzes found
Score Distribution
Percent of People with Each Score
Percentile by Number Answered
Your Score History
You have not taken this quiz